000 01714nam a22003257a 4500
003 NALT
005 20210806150446.0
008 s2544 th tha d
040 _aNALT
041 _atha
090 _aว JS7404 ด493ร 2544
100 0 _aดำรงค์ วัฒนา
245 1 0 _aระบบการบริหารจัดการท้องถิ่น /
_cดำรงค์ วัฒนา.
260 3 _aกรุงเทพฯ :
_bสำนักงานกองทุนสนับสนุนการวิจัย,
_c2544
300 _a426 หน้า :
_b แผนภูมิ, ตาราง ;
_c 29 ซม.
650 0 4 _aGood governance
650 0 4 _aกรุงเทพมหานคร -- การบริหาร
650 0 4 _aการบริหารจัดการท้องถิ่น
650 0 4 _aการบริหารจัดการท้องถิ่น -- ไทย -- วิจัย
650 0 4 _aการบริหารรัฐกิจ -- ส่วนท้องถิ่น
650 0 4 _aธรรมรัฐ
650 0 4 _aรัฐธรรมนูญ -- การศึกษาเฉพาะกรณี -- การกระจายอำนาจสู่ท้องถิ่น
650 0 4 _aสุขาภิบาล -- การบริหาร
650 0 4 _aองค์การบริหารส่วนจังหวัด -- การบริหาร
650 0 4 _aเทศบาล -- การบริหาร
650 0 4 _aเมืองพัทยา -- การบริหาร
850 _aNALT
942 _cRSH
_2lcc
998 _bSOPAPORN
_j109
_k อารีรัตน์ วิชาช่าง
999 _c30455
_d30455